Normal view
MARC view
Entry Topical Term
001 - CONTROL NUMBER
- control field: 19054
003 - CONTROL NUMBER IDENTIFIER
- control field: ARRUPE
005 - DATE AND TIME OF LATEST TRANSACTION
- control field: 20150827145818.0
008 - FIXED-LENGTH DATA ELEMENTS
- fixed length control field: 150827|| aca||aabn | a|a d
040 ## - CATALOGING SOURCE
- Original cataloging agency: ARRUPE
- Transcribing agency: ARRUPE
150 ## - HEADING--TOPICAL TERM
- Topical term or geographic name as entry element: Human rights
- Geographic subdivision: Africa.
670 ## - SOURCE DATA FOUND
- Source citation: Work cat.: (ARRUPE)0: Zeleza, Paul Tiyambe, 19053, Human rights, the rule of law, and development in Africa /, c2004.